| 000 | 00580nam a22001937a 4500 | ||
|---|---|---|---|
| 008 | 161126s2007 gt||||| |||| 00| 0 spa d | ||
| 020 | _a9789992223666 | ||
| 082 | 0 | 4 |
_a861 _bC512m |
| 100 | 1 |
_aChavajay, Pedro. _95627 |
|
| 245 | 1 | 0 |
_aMar invisible / _cPedro Chavajay. |
| 250 | _a1a ed. | ||
| 260 |
_aGuatemala : _bFolio 114, _c2007. |
||
| 300 | _a47 p. | ||
| 440 | 0 |
_aColección Nueva Poesía _95628 |
|
| 500 | _aIlustración de portada e interiores por Benvenuto Chavajay. | ||
| 653 | 1 | 0 | _aLiteratura Latinoamericana |
| 653 | 1 | 0 | _aPoesía - Guatemala |
| 653 | 1 | 0 | _aPoesía - Arte |
| 999 |
_c1093 _d1093 |
||